Burung yang Pelik / (Record no. 195414)
[ view plain ]
| 000 -LEADER | |
|---|---|
| fixed length control field | 01313nam a2200289 4500 |
| 003 - CONTROL NUMBER IDENTIFIER | |
| control field | OSt |
| 005 - DATE AND TIME OF LATEST TRANSACTION | |
| control field | 20240325160247.0 |
| 008 - FIXED-LENGTH DATA ELEMENTS--GENERAL INFORMATION | |
| fixed length control field | 240320s2023 my a jr 000 0 may d |
| 020 ## - INTERNATIONAL STANDARD BOOK NUMBER | |
| International Standard Book Number | 9786299890003 |
| Terms of availability | RM 0.00 |
| Qualifying information | hardback |
| 040 ## - CATALOGING SOURCE | |
| Original cataloging agency | PPAK |
| Language of cataloging | eng |
| Transcribing agency | PPAK |
| Description conventions | rda |
| 082 04 - DEWEY DECIMAL CLASSIFICATION NUMBER | |
| Edition number | 23 |
| Classification number | 899 |
| 090 00 - LOCALLY ASSIGNED LC-TYPE CALL NUMBER (OCLC); LOCAL CALL NUMBER (RLIN) | |
| Classification number (OCLC) (R) ; Classification number, CALL (RLIN) (NR) | 899 |
| Feature heading | NOR |
| Feature heading | K |
| 100 0# - MAIN ENTRY--PERSONAL NAME | |
| Personal name | Nor Azhar Ishak |
| Relator term | author |
| 245 10 - TITLE STATEMENT | |
| Title | Burung yang Pelik / |
| Statement of responsibility, etc. | Cerita dan illustrasi: Nor Azhar Ishak ; Editor: Mahaya Mohd. Yassin, Munsyi Dewan |
| 264 #1 - PRODUCTION, PUBLICATION, DISTRIBUTION, MANUFACTURE, AND COPYRIGHT NOTICE | |
| Place of production, publication, distribution, manufacture | Kuala Lumpur : |
| Name of producer, publisher, distributor, manufacturer | Cetak Jitu Sdn. Bhd., |
| Date of production, publication, distribution, manufacture, or copyright notice | 2023 |
| 300 ## - PHYSICAL DESCRIPTION | |
| Extent | 30 unnumbered pages : |
| Other physical details | colour illustrations ; |
| Dimensions | 31 cm |
| 336 ## - CONTENT TYPE | |
| Content type term | text |
| Source | rdacontent |
| 337 ## - MEDIA TYPE | |
| Media type term | unmediated |
| Source | rdamedia |
| 338 ## - CARRIER TYPE | |
| Carrier type term | volume |
| Source | rdacarrier |
| 520 ## - SUMMARY, ETC. | |
| Summary, etc. | Cerita ini mengisahkan tentang seekor ayam hutan yang mengembara mencari seekor merak betina yang cantik. Ayam berhajat menjadikan merak itu pasangannya. Dalam pengembaraannya, ia terjumpa dengan tujuh ekor burung. Ketujuh-tujuh ekor burung itu meminjamkan satu ciri menarik yang dimiliki mereka kepada Ayam Jantan agar Ayam Jantan menjadi sehebat Merak Betina. Adakah Ayam Jantan berjaya mencapai hajatnya? |
| 521 ## - TARGET AUDIENCE NOTE | |
| Target audience note | 7-12 tahun |
| 650 10 - SUBJECT ADDED ENTRY--TOPICAL TERM | |
| Topical term or geographic name entry element | Animals |
| Topical term or geographic name entry element | Children's stories |
| Form subdivision | Malay |
| 700 ## - ADDED ENTRY--PERSONAL NAME | |
| Personal name | Mahaya Mohd. Yassin |
| Personal name | Munsyi Dewan |
| 942 ## - ADDED ENTRY ELEMENTS (KOHA) | |
| Source of classification or shelving scheme | Dewey Decimal Classification |
| Koha item type | Book |
| Withdrawn | Not for loan | Current library | Shelving location | Date acquired | Total Checkouts | Total Renewals | Full call number | Barcode | Checked out | Date last seen | Date last checked out | Koha item type |
|---|---|---|---|---|---|---|---|---|---|---|---|---|
| Perpustakaan Alor Setar | Pinjaman Kanak-kanak | 08/05/2024 | 9 | 1 | K 899 NOR | A00748102 | 11/06/2026 | 21/05/2026 | 21/05/2026 | Book | ||
| Perpustakaan Alor Setar | Pinjaman Kanak-kanak | 08/05/2024 | 4 | K 899 NOR | A00748103 | 04/07/2026 | 13/06/2026 | 13/06/2026 | Book | |||
| Perpustakaan Awam Sungai Petani | Pinjaman Kanak-kanak | 08/05/2024 | 7 | 1 | K 899 NOR | A00748104 | 11/01/2026 | 16/11/2025 | Book | |||
| Perpustakaan Baling | Pinjaman Kanak-kanak | 08/05/2024 | 2 | K 899 NOR | A00748108 | 22/04/2025 | 05/04/2025 | Book | ||||
| Perpustakaan Bandar Baharu | Pinjaman Kanak-kanak | 08/05/2024 | K 899 NOR | A00748109 | 08/05/2024 | Book | ||||||
| Perpustakaan Jitra | Pinjaman Kanak-kanak | 08/05/2024 | K 899 NOR | A00748105 | 08/05/2024 | Book | ||||||
| Perpustakaan Kuala Nerang | Pinjaman Kanak-kanak | 08/05/2024 | K 899 NOR | A00748113 | 08/05/2024 | Book | ||||||
| Perpustakaan Kulim | Pinjaman Kanak-kanak | 08/05/2024 | 3 | 2 | K 899 NOR | A00748107 | 26/02/2025 | 08/12/2024 | Book | |||
| Perpustakaan Langkawi | Pinjaman Kanak-kanak | 08/05/2024 | 1 | K 899 NOR | A00748106 | 17/10/2024 | 26/09/2024 | Book | ||||
| Perpustakaan Merbok | Pinjaman Kanak-kanak | 08/05/2024 | 1 | K 899 NOR | A00748110 | 29/04/2026 | 22/04/2026 | Book | ||||
| Perpustakaan Pendang | Pinjaman Kanak-kanak | 08/05/2024 | K 899 NOR | A00748114 | 08/05/2024 | Book | ||||||
| Perpustakaan Sik | Pinjaman Kanak-kanak | 08/05/2024 | 3 | 1 | K 899 NOR | A00748112 | 09/10/2025 | 18/09/2025 | Book | |||
| Perpustakaan Yan | Pinjaman Kanak-kanak | 08/05/2024 | 3 | K 899 NOR | A00748111 | 27/08/2025 | 07/08/2025 | Book | ||||
| PD08, Felda Gunung Bongsu, Kulim | Pinjaman Kanak-kanak | 08/05/2024 | K 899 NOR | A00748115 | 08/05/2024 | Book | ||||||
| PD12, Kg. Padang, Baling | Pinjaman Kanak-kanak | 08/05/2024 | K 899 NOR | A00748116 | 08/05/2024 | Book | ||||||
| PD29, Kg. Gajah Putih, Sik | Pinjaman Kanak-kanak | 08/05/2024 | K 899 NOR | A00748117 | 08/05/2024 | Book | ||||||
| PD30, Bandar Baru Beris Jaya, Sik | Pinjaman Kanak-kanak | 08/05/2024 | K 899 NOR | A00748118 | 08/05/2024 | Book | ||||||
| PD35, Kg. Sungai Daun, Yan | Pinjaman Kanak-kanak | 08/05/2024 | K 899 NOR | A00748119 | 08/05/2024 | Book | ||||||
| PD37, Kg. Belat, Pendang | Pinjaman Kanak-kanak | 08/05/2024 | K 899 NOR | A00748120 | 08/05/2024 | Book | ||||||
| PD38, KEDA Tanjung Setol, Pendang | Pinjaman Kanak-kanak | 08/05/2024 | K 899 NOR | A00748121 | 08/05/2024 | Book |